| 000 | 00863nam a2200289 a 4500 | ||
|---|---|---|---|
| 001 | 000007331 | ||
| 003 | DO-SdBPM | ||
| 005 | 20260302121908.0 | ||
| 007 | ta | ||
| 008 | 090908s2008 dr 000 j spa d | ||
| 020 | _a9789945162318 | ||
| 040 |
_aDO-SdBPM _bspa _cBPMSU |
||
| 082 | 0 | 4 |
_aRD863.44 _bR457p 2008 _222 |
| 100 | 1 |
_aReyes, Freddy _eautor _4aut. |
|
| 245 | 1 | 3 |
_aEl paseo / _cFreddy Reyes. |
| 264 |
_aSanto Domingo : _bEditora Buho, _c2008. |
||
| 300 |
_a286 páginas ; _c23 cm. |
||
| 336 |
_atexto _btxt _2rdacontent |
||
| 337 |
_asin mediación _bn _2rdamedia |
||
| 338 |
_avolumen _bnc _2rdacarrier |
||
| 500 | _aIncluye datos biográficos del autor en las solapas | ||
| 590 | _aInventariado, 2026/VM | ||
| 650 | 7 | _aNovela dominicana | |
| 650 | 7 | _aLiteratura dominicana | |
| 910 | _aVMateo V. Control de calidad BPMSU | ||
| 942 |
_2ddc _cBK |
||
| 999 |
_c8071 _d8071 |
||